00431nam a22001337a 4500020001800000082001300018100002200031245004700053260004900100300000900149942000700158999001500165952011700180 a9781107038189 a320.5570 aIqbal Singh Sevea aThe Political Philosophy of Muhammad Iqbal aNew delhibCambridge university pressc2012. a234p cBK c2675d2675 001040708NFICaCLbCLcGENd2016-03-10l1m4o320.5570 SEVpS3H-S-269r2021-12-01s2018-12-10w2016-03-10yBK